Basic classes of linear operators (Record no. 755072)

MARC details
000 -LEADER
fixed length control field 00494nam a22001817a 4500
020 ## - INTERNATIONAL STANDARD BOOK NUMBER
ISBN 9783764369309
100 ## - MAIN ENTRY--AUTHOR NAME
Personal name Gohberg, Israel
245 ## - TITLE STATEMENT
Title Basic classes of linear operators
260 ## - PUBLICATION, DISTRIBUTION, ETC. (IMPRINT)
Place of publication Switzerland
Name of publisher Springer
Year of publication 2003
300 ## - PHYSICAL DESCRIPTION
Number of Pages xvii+423
650 ## - SUBJECT ADDED ENTRY--TOPICAL TERM
Topical Term Hilbert spaces
650 ## - SUBJECT ADDED ENTRY--TOPICAL TERM
Topical Term Spectral theory
650 ## - SUBJECT ADDED ENTRY--TOPICAL TERM
Topical Term Fredholm operator
700 ## - ADDED ENTRY--PERSONAL NAME
Personal name Goldberg, Seymour
700 ## - ADDED ENTRY--PERSONAL NAME
Personal name Kaashoek, Marinus A
942 ## - ADDED ENTRY ELEMENTS (KOHA)
Source of classification or shelving scheme Dewey Decimal Classification
Koha item type Book
Holdings
Withdrawn status Lost status Source of classification or shelving scheme Damaged status Not for loan Collection code Home Library Current Location Shelving location Date acquired Source of acquisition Cost, normal purchase price Full call number Accession Number Price effective from Koha item type
    Dewey Decimal Classification     Gift or donation Dept. of Mathematics Dept. of Mathematics General Stacks 08/01/2026 Donated by Dr. Krishna Kumar G on the completion of SERB sponsored project (UO. No: Ad.F1/1373/2021 dated 22/01/2024) 7604.16 515.7246 GOH-B MATG254 14/01/2026 Book